<?xml version='1.0' encoding='UTF-8'?>
  <record xmlns="http://www.loc.gov/MARC21/slim">
    <leader>00000cam a22000007i 4500</leader>
    <controlfield tag="001">ocm68849895</controlfield>
    <controlfield tag="003">OCoLC</controlfield>
    <controlfield tag="005">20241003150450.1</controlfield>
    <controlfield tag="008">960125s1757    ne            000 0 dut d</controlfield>
    <datafield tag="040" ind1=" " ind2=" ">
      <subfield code="a">NLGGC</subfield>
      <subfield code="b">dut</subfield>
      <subfield code="e">fobidrtb</subfield>
      <subfield code="c">NLGGC</subfield>
      <subfield code="d">OCLCO</subfield>
      <subfield code="d">OCLCL</subfield>
      <subfield code="d">OCLCQ</subfield>
    </datafield>
    <datafield tag="029" ind1="0" ind2=" ">
      <subfield code="a">NLGGC</subfield>
      <subfield code="b">145143716</subfield>
    </datafield>
    <datafield tag="035" ind1=" " ind2=" ">
      <subfield code="a">(OCoLC)68849895</subfield>
    </datafield>
    <datafield tag="100" ind1="1" ind2=" ">
      <subfield code="a">Mahaut, Antoine,</subfield>
      <subfield code="d">ca. 1720-ca. 1785.</subfield>
      <subfield code="1">https://id.oclc.org/worldcat/entity/E39PBJB4ddp7V8Xvjhq4BkfDv3</subfield>
    </datafield>
    <datafield tag="245" ind1="1" ind2="3">
      <subfield code="a">De musikaale lente- en somertydverdryf, bestaande in 36 zang- en speel-ariaas, door meer dan duizend liefhebberen der muziek-kunst, grootelijks, wegens de composietie en digtkunst, alom gerenomeert, en nu om gewigtige redenen tot een geringe prys gesteld: /</subfield>
      <subfield code="c">gecomponeerd door Antonio Mahaut, om niet alleen voor de zang maar tevens ook op de meeste instrumenten gespeelt te konnen worden, welkers kundige digtmaat in die geestryke order tot de compositie is gebragt door Kornelis Elzevier.</subfield>
    </datafield>
    <datafield tag="246" ind1="3" ind2=" ">
      <subfield code="a">vier muzikaale jaar-getyden, waar van deze twee laatsten bestaan in de herfst- en winter-tydverdryfs</subfield>
    </datafield>
    <datafield tag="260" ind1=" " ind2=" ">
      <subfield code="a">t'Amsteldam :</subfield>
      <subfield code="b">by A. Olofsen,</subfield>
      <subfield code="c">[1757]</subfield>
    </datafield>
    <datafield tag="300" ind1=" " ind2=" ">
      <subfield code="a">? ;</subfield>
      <subfield code="c">in-4.</subfield>
    </datafield>
    <datafield tag="336" ind1=" " ind2=" ">
      <subfield code="a">tekst</subfield>
      <subfield code="b">txt</subfield>
      <subfield code="2">rdacontent/dut</subfield>
    </datafield>
    <datafield tag="337" ind1=" " ind2=" ">
      <subfield code="a">zonder medium</subfield>
      <subfield code="b">n</subfield>
      <subfield code="2">rdamedia/dut</subfield>
    </datafield>
    <datafield tag="338" ind1=" " ind2=" ">
      <subfield code="a">band</subfield>
      <subfield code="b">nc</subfield>
      <subfield code="2">rdacarrier/dut</subfield>
    </datafield>
    <datafield tag="700" ind1="1" ind2=" ">
      <subfield code="a">Elzevier, Kornelis,</subfield>
      <subfield code="d">1717-1761.</subfield>
      <subfield code="1">https://id.oclc.org/worldcat/entity/E39PBJvmQqTygQr4kymXg6Hgrq</subfield>
    </datafield>
    <datafield tag="710" ind1="0" ind2=" ">
      <subfield code="a">Olofsen, Arnoldus (Amsterdam)</subfield>
      <subfield code="4">prt</subfield>
      <subfield code="0">(NL-LeOCL)07713298X</subfield>
    </datafield>
    <datafield tag="776" ind1="0" ind2=" ">
      <subfield code="t">De musikaale lente- en somertydverdryf, bestaande in 36 zang- en speel-ariaas, door meer dan duizend liefhebberen der muziek-kunst, grootelijks, wegens de composietie en digtkunst, alom gerenomeert, en nu om gewigtige redenen tot een geringe prys gesteld:</subfield>
      <subfield code="w">(NL-LeOCL)426095391</subfield>
    </datafield>
    <datafield tag="936" ind1=" " ind2=" ">
      <subfield code="a">BATCHLOAD</subfield>
    </datafield>
  </record>